Balašević - Dnevnik starog momka - Statistics

General Stats
  • This quiz has been taken 21 times
  • The average score is 6 of 12
Answer Stats
Hint Answer % Correct
3. Ankica
73%
2. Ljerka
73%
1. Otilia
67%
7. Anita
60%
4. Jaroslava
53%
5. Eleonora
47%
11. Ljudmila
47%
6. Nevena
40%
12. Anđela
33%
9. Branislava
33%
10. Ognjena
33%
8. Julia
20%
No matching quizzes found
Score Distribution
Percent of People with Each Score
Percentile by Number Answered
Your Score History
You have not taken this quiz